000 00582nam a2200205Ia 4500
005 20250508165946.0
008 008 250505s9999 xx 000 0 eng d
020 _a0-304-31709-8
037 _aTextBook
040 _aFEDL
_beng
_cFEDL
041 _aeng
_2eng
084 _a371.102 84, GIL/R
_qFEDL
100 _aGlasser William
_9319583
245 0 _aChoice theory in the classroom
260 _aNew York, USA
_bHarper Collins Publishers
_c1985
300 _ax, 180p.
365 _aINR
_b248
942 _cTB
_h371.102 84, GIL/R
999 _c1398421
_d1398421